Richard Wagner ou le Nibelung

Shranjeno v:
Bibliografske podrobnosti
Glavni avtor: Lalo, Pierre (Author)
Format: Knjiga
Jezik:francoščina
Izdano: París Ernest Flammarion 1933
Teme:
Oznake: Označite
Brez oznak, prvi označite!

MARC

LEADER 00000nam a2200000 a 4500
001 UCN2388
003 CL-VaPUC
008 010518e19330000FR |||||||||||||||||fre|d
082 0 4 |a 780.92  |b LAL  |2 21 
100 0 |a Lalo, Pierre  |e author  |9 458196 
245 1 0 |a Richard Wagner ou le Nibelung 
300 |a 284 p 
942 |c BK 
945 |d 20010518 00:00:00  |a crobeson 
260 |a París  |b Ernest Flammarion  |c 1933 
600 0 |a Wagner, Wilhelm Richard  |9 265759 
650 0 |a Compositores alemanes  |9 324765 
650 0 |a Ópera alemana  |9 306436 
650 0 |a Romanticismo en la música  |9 306753 
650 7 |a MUSICA SIGLO 19  |2 CL-VaPUC  |9 458197 
583 |a last modification  |c 20010518 00:00:00  |k Rodrigo Vera 
999 |c 295491  |d 295489 
952 |0 0  |1 0  |4 0  |6 780_920000000000000_LAL_1933  |7 0  |8 A  |9 348716  |a BIBEDU  |b BIBEDU  |d 2019-11-20  |i 1183052  |o 780.92 LAL 1933  |p 1183052  |r 2023-01-12  |w 2019-11-20  |y BK  |k MUS